Central Library OPAC University of Rajshahi

Statistical physics / (Record no. 71686)

MARC details
000 -LEADER
fixed length control field 00748nam a2200253 a 4500
001 - CONTROL NUMBER
control field 71686
003 - CONTROL NUMBER IDENTIFIER
rucl marc code BD-RjUL
005 - DATE AND TIME OF LATEST TRANSACTION
control field 20211209082140.0
008 - FIXED-LENGTH DATA ELEMENTS--GENERAL INFORMATION
fixed length control field 170507s1967 nyua 001 0 eng u
035 ## - SYSTEM CONTROL NUMBER
System control number (BD-RjUL)71902
040 ## - CATALOGING SOURCE
Transcribing agency COO
Modifying agency WQM
-- EQO
-- BD-RjUL
Original cataloging agency BD-RjUL
Language of cataloging eng
041 ## - LANGUAGE CODE
Language code of text/sound track or separate title eng
082 ## - DEWEY DECIMAL CLASSIFICATION NUMBER
Edition number 23
Classification number 530.13
Author mark and year RES 1967
100 1# - MAIN ENTRY--PERSONAL NAME
Personal name Reif, F.
Fuller form of name (Frederick),
Dates associated with a name 1927-
9 (RLIN) 212098
245 10 - TITLE STATEMENT
Title Statistical physics /
Statement of responsibility, etc. F. Reif.
260 ## - PUBLICATION, DISTRIBUTION, ETC. (IMPRINT)
Place of publication, distribution, etc. New York :
Name of publisher, distributor, etc. McGraw-Hill,
Date of publication, distribution, etc. c1967
300 ## - PHYSICAL DESCRIPTION
Pagination xxi, 398 p. :
Illustrations ill. ;
Size 25cm.
490 1# - SERIES STATEMENT
Series statement Berkeley physics course,
Volume/sequential designation v. 5
504 ## - BIBLIOGRAPHY, ETC. NOTE
Bibliography, etc Includes index
650 #0 - SUBJECT ADDED ENTRY--TOPICAL TERM
Topical term or geographic name as entry element Statistical mechanics.
9 (RLIN) 212099
Topical term or geographic name as entry element Physics.
9 (RLIN) 212100
830 #0 - SERIES ADDED ENTRY--UNIFORM TITLE
Uniform title Berkeley physics course,
Volume number/sequential designation v. 5
942 ## - ADDED ENTRY ELEMENTS (KOHA)
Source of classification or shelving scheme Dewey Decimal Classification
Koha item type Books
Holdings
Lost status Source of classification or shelving scheme Damaged status Not for loan Collection code Permanent Location Current Location Shelving location Date acquired Source of acquisition Cost, normal purchase price Total Checkouts Full call number Date last seen Copy number Koha item type
  Dewey Decimal Classification   Not For Loan Non-fiction Central Library, University of Rajshahi Central Library, University of Rajshahi Reading Room 19/11/1968 Zeitlinger 51.60   530.13 RES 1967 07/05/2017 C-1 Books
  Dewey Decimal Classification     Non-fiction Central Library, University of Rajshahi Central Library, University of Rajshahi   19/05/1983 Heffer 20.50   530.13 RES 1967 07/05/2017 C-2 Books
  Dewey Decimal Classification     Non-fiction Central Library, University of Rajshahi Central Library, University of Rajshahi   06/01/1971 Zeitlinger 67.00   530.13 RES 1967 07/05/2017 C-3 Books
  Dewey Decimal Classification     Non-fiction Central Library, University of Rajshahi Central Library, University of Rajshahi   06/01/1971 Zeitlinger 67.00   530.13 RES 1967 07/05/2017 C-4 Books
  Dewey Decimal Classification     Non-fiction Central Library, University of Rajshahi Central Library, University of Rajshahi   19/11/1968 Zeitlinger 51.60   530.13 RES 1967 07/05/2017 C-5 Books
  Dewey Decimal Classification     Non-fiction Central Library, University of Rajshahi Central Library, University of Rajshahi   19/11/1968 Zeitlinger 51.60   530.13 RES 1967 07/05/2017 C-6 Books
  Dewey Decimal Classification     Non-fiction Central Library, University of Rajshahi Central Library, University of Rajshahi   19/05/1983 Helfer 20.50   530.13 RES 1967 07/05/2017 C-7 Books